Effectif du Stade toulousain - Saison 2024-2025 - Statistiques

Statistiques générales
  • Ce quiz a été pris 1 003 fois
    628 depuis la dernière actualisation
  • Le résultat moyen est 32 sur 54
Statistiques - réponses
Poste Joueurs Nationalité Points % Correct
demi de mêlée Antoine Dupont France 15
96%
demi d'ouverture Romain Ntamack France 29
96%
Talonneur Julien Marchand France 10
95%
3ème Ligne Centre Théo Ntamack France 15
95%
Pilier Cyril Baille France -
93%
arrière Thomas Ramos France 133
93%
Talonneur Peato Mauvaka France 25
91%
2ème Ligne Thibaud flament France 5
88%
3ème Ligne Aile Jack Willis Angleterre 25
85%
demi de mêlée Paul Graou France 20
85%
arrière Ange Capuozzo Italie 30
84%
Pilier Dorian Aldegheri France -
84%
3ème Ligne Aile Francois Cros France -
84%
3ème Ligne Aile Anthony Jelonch France 20
81%
2ème Ligne Emmanuel Meafou France 5
81%
arrière Juan Cruz Mallia Argentine 61
81%
arrière Blair Kinghorn Ecosse 32
80%
demi de mêlée Naoto Saito Japon -
78%
Pilier Joel Merkler Espagne 5
77%
ailier Matthis Lebel France -
77%
centre Pita Ahki Nouvelle-zélande 15
77%
centre Santiago Chocobares Argentine 5
76%
3ème Ligne Centre Alexandre Roumat France 5
75%
Talonneur Guillaume Cramont France 20
73%
centre Pierre-louis Barassi France 5
70%
2ème Ligne Richie Arnold Australie -
69%
centre Paul Costes France -
68%
Pilier Rodrigue Neti France 5
65%
Pilier David Ainu'u états-unis 5
61%
2ème Ligne Clément Vergé France 10
59%
ailier Dimitri Delibes France 20
57%
2ème Ligne Joshua Brennan France 5
57%
3ème Ligne Centre Mathis Castro ferreira France 10
51%
Talonneur Malachi Hawkes Australie -
46%
Talonneur Thomas Lacombre France 5
46%
Pilier Nepo Laulala Nouvelle-zélande -
43%
3ème Ligne Aile Léo Banos France -
42%
ailier Nelson Epee France 10
41%
demi d'ouverture Valentin Delpy France -
41%
2ème Ligne Efrain Elias Argentine -
39%
demi de mêlée Simon Daroque France -
38%
ailier Setareki Bituniyata Fidji 5
35%
3ème Ligne Aile Alban Placines France -
33%
arrière Matias Remue Belgique 2
33%
arrière Kalvin Gourgues France -
31%
Pilier Benjamin Bertrand France -
30%
centre Lucas Vignères France -
22%
3ème Ligne Aile Sialevailea Tolofua France 5
19%
Pilier Hugo Reilhes France -
16%
centre Celian Pouzelgues France -
15%
arrière Thomas Alary France -
14%
2ème Ligne Romain Portat france -
13%
3ème Ligne Aile Lomig Jouanny France -
9%
2ème Ligne Léo Labarthe France -
7%
Aucun quiz correspondant
Distribution des résultats
% des personnes avec chaque résultat
Percentile par nombre de réponses
Votre historique - résultats
Vous n’avez pas pris ce quiz depuis la dernière actualisation